| 000 | 00835nam a22002897a 4500 | ||
|---|---|---|---|
| 003 | OSt | ||
| 005 | 20260519102237.0 | ||
| 008 | 260519b |||||||| |||| 00| 0 eng d | ||
| 020 | _a9788120314757 | ||
| 040 | _cIN-NITTTR | ||
| 082 |
_a658.8 _bL728M2 |
||
| 100 | _aLilien, Gary L. | ||
| 245 |
_aMarketing Models. _cby Gary L. Lilien, Philip Kotler and K. Sridhar Moorthy/ |
||
| 260 |
_aDelhi. _bPHI Learning Pvt. Ltd. _c1992 |
||
| 300 | _axv, 803 p. | ||
| 650 | _aMarketing Management | ||
| 650 | _aMarketing Models | ||
| 650 | _aStrategic Marketing | ||
| 650 | _aConsumer Behavior | ||
| 650 | _aMarket Analysis | ||
| 650 | _aQuantitative Marketing | ||
| 650 | _aMarketing Decision Making | ||
| 650 | _a Business Analytics | ||
| 700 | _aKotler, Philip | ||
| 700 | _aMoorthy, K. Sridhar | ||
| 942 |
_2ddc _cBK _n0 |
||
| 999 |
_c33459 _d33459 |
||